000 01172nam a22002537a 4500
005 20110613150411.0
008 110613t xxu||||| |||| 00| 0 eng d
010 _aMAR-20923
020 _c300.00
035 _aMR-13581
037 _bDBAD /PUB
040 _aDPL
_bMR
082 _a891.463
100 _aआलासे,मेघा
_928585
245 _aराजमाती:
_cमेघा आलासे
_bएक उन्नत जीवन प्रवास (चरित्रात्मक कादंबरी)/
246 _aRajmati : Ek Unnat Jeevan Pravas
_bby Megha Aalase
260 _aपुणे
_bचंद्रकला प्रकाशन
_c2007
270 _a39/584,लोकमान्यनगर,नवी पेठ
_bपुणे
300 _a284पृ.
_c21सेमा(अजिल्द)
_bसचित्र
650 _aमराठी कादंबरी
_928735
650 _aMarathi Fiction
_928736
942 _2ddc
_cMR
_h891.463
_mआलासे
999 _c52854
_d52854